Statistics for Bet On It Lyrics - High School Musical

Click here to take the quiz!

General Stats

  • This quiz has been taken 752 times
  • The average score is 378 of 473

Answer Stats

Answer % Correct
I
99%
on
97%
a
96%
bet
94%
it
94%
it,
94%
Bet
94%
it.
94%
my
93%
to
93%
You
92%
me.
92%
me
92%
you
92%
you?
92%
no
90%
go?
90%
the
88%
The
88%
ever
88%
that
88%
ever,
88%
is
88%
not
87%
in
87%
am.
86%
am,
86%
am
86%
get
86%
Am
86%
who
85%
every
85%
stop,
84%
I'm
84%
stop
84%
head.
83%
plan.
83%
own,
83%
own
83%
do
83%
can
82%
what
82%
at
82%
talkin'
82%
try
81%
gonna
81%
of
81%
always
79%
heart
79%
that's
78%
know?
78%
That's
78%
want?
78%
Did
78%
want
78%
got,
78%
your
78%
wanna
78%
tryin'
78%
got
78%
know
78%
all
77%
All
77%
listen
77%
Everybody's
76%
and
75%
way
75%
way.
75%
way,
75%
yourself
72%
need
71%
instead.
70%
let
70%
make?
70%
make
70%
ride,
69%
give
68%
off?
68%
myself
68%
up,
68%
lose
68%
up.
68%
up
68%
day.
67%
Will
67%
will
67%
should
66%
Should
66%
have
66%
today
65%
count
64%
say?
63%
life
63%
right,
62%
don't
62%
gotta
61%
Gotta
61%
I'll
60%
Hold,
60%
hold
60%
'til
60%
hold,
60%
around,
59%
turn
59%
guy
58%
shot.
57%
if
57%
means
57%
close?
56%
never
56%
type
56%
then
55%
face.
55%
away
55%
see
55%
place.
55%
it's
54%
It's
54%
believe!
54%
move
54%
push
54%
scary
53%
inside
53%
are
52%
ones
52%
lost,
52%
lost?
52%
top?
51%
thing,
51%
held
51%
can't
50%
game
50%
same
50%
this
50%
answers
49%
question
49%
How
48%
Out
48%
again.
48%
path
48%
play
48%
work
48%
swing,
48%
lie
47%
find
47%
good
47%
blame
47%
end
47%
such
46%
taking?
46%
worth
45%
recognize
45%
dream
45%
there's
44%
world
44%
live
44%
come
43%
doubt
43%
breaking.
43%
true?
42%
win
40%
mistakes.
37%
I've
35%
think.
35%
down.
31%
With
28%
Bring
27%
room
26%

Score Distribution

Percentile by Number Answered

Percent of People with Each Score

Your Score History

You have not taken this quiz